Tjara penglaksanaan memilih perwakilan rakjat : (Record no. 88743)

MARC details
000 -LEADER
fixed length control field 00651cam a22002051i 4500
001 - CONTROL NUMBER
control field sa 68018961
003 - CONTROL NUMBER IDENTIFIER
control field DLC
005 - DATE AND TIME OF LATEST TRANSACTION
control field 20260227112715.0
008 - FIXED-LENGTH DATA ELEMENTS--GENERAL INFORMATION
fixed length control field 830702s1954 io ab 000 0 ind
010 ## - LIBRARY OF CONGRESS CONTROL NUMBER
LC control number sa 68018961
035 ## - SYSTEM CONTROL NUMBER
System control number (OCoLC)9666374
040 ## - CATALOGING SOURCE
Original cataloging agency DLC
Transcribing agency OAU
Modifying agency DLC
042 ## - AUTHENTICATION CODE
Authentication code premarc
050 00 - LIBRARY OF CONGRESS CALL NUMBER
Classification number JQ778
Item number .S6
100 1# - MAIN ENTRY--PERSONAL NAME
Personal name Soedjono, R. M. T.
245 10 - TITLE STATEMENT
Title Tjara penglaksanaan memilih perwakilan rakjat :
Remainder of title Konstituante dan Parlemen oleh rakjat /
Statement of responsibility, etc. diuraikan dengan tjara populer oleh R. M. T. Soedjono.
260 ## - PUBLICATION, DISTRIBUTION, ETC.
Place of publication, distribution, etc. [Djakarta] :
Name of publisher, distributor, etc. Djambatan,
Date of publication, distribution, etc. [1954]
300 ## - PHYSICAL DESCRIPTION
Extent x, 69 p. :
Other physical details ill., map. ;
Dimensions 20 cm.
650 #0 - SUBJECT ADDED ENTRY--TOPICAL TERM
Topical term or geographic name entry element Elections
Geographic subdivision Indonesia.

No items available.

Powered by Koha